00924nam a2200253 i 4500001000300000003000400003005001700007008003900024015001800063020001800081040001400099080001500113080001200128100002900140245011500169260006100284300004800345504002600393650004100419655003000460700002500490710005700515856009800572bgBPK20210226094823.0070823s2007 pl a f f |000 0 pol aPB 2007/18635 a9788373354043 aWA NcBPK a502.13/.14 a(075.8)1 aGajdzik, BożenaeAutor10aWybrane aspekty ochrony środowiska i zarządzania środowiskowego /cBożena Gajdzik, Andrzej Wyciślik. aGliwice :bWydawnictwo Politechniki Śląskiej,c2007. a202, [2] s. :bil. (w tym kolor.) ;c25 cm. aBibliogr. s. 195-202. 4aOchrona środowiskaxzarządzanie. 4aPodręczniki akademickie1 aWyciślik, Andrzej.2 aPolitechnika Śląska (Gliwice)bWydawnictwo4pbl. uhttp://koha.tu.koszalin.pl/cgi-bin/koha/opac-detail.pl?biblionumber=54851yKatalog online BPK